000 00450nam a2200133Ia 4500
008 220620s9999||||xx |||||||||||||| ||und||
100 _aPoliskie, Michelle
245 0 _aSolar Module Packaging
_bPolymeric Requirements and Selection
546 _aEnglish[eng]
650 _aPackaging||Polymeric||Requirements||Solar
700 _aShatkin, Allison
856 _uhttps://library.oapen.org/bitstream/20.500.12657/40118/1/9781439850725.pdf
942 _cEB
999 _c31176
_d31176